| 000 | a | ||
|---|---|---|---|
| 999 |
_c90339 _d90338 |
||
| 005 | 20190629152251.0 | ||
| 008 | 190606b ||||| |||| 00| 0 eng d | ||
| 020 | _a9781847039262 | ||
| 080 |
_a347.792(41) _bCAR R |
||
| 245 | _aCarver on Charterparties | ||
| 260 |
_bSweet & Maxwell _aLondon _c2017 |
||
| 300 | _av -1524p | ||
| 490 | _aBritish shipping laws | ||
| 653 | _aVoyage- cargo claims | ||
| 700 | _aBennett, Howard Ed. by. | ||
| 942 | _cREF | ||